000 00304nam a2200109Ia 4500
008 171211s9999 xx 000 0 und d
245 _aIgor Stravinsky (20th Century Composers)
245 _cMichael Oliver
260 _c1995
650 _xmusic
856 _uhttp://down.ebook777.com/060/9780714831589.pdf
999 _c348681
_d348681